Music Quiz

Random Music or Lyrics Quiz

Figure Out the Lyrics VI Quiz Stats

 Plays Quiz Updated Aug 17, 2016

Challenge
Share
Tweet
Embed
Score 0/121 Timer 05:00
4 Plays Today
% Correct
I
98.3%
I
98.3%
I
98.3%
I
98.3%
a
96.1%
a
96.1%
you
94%
you
94%
the
91.1%
the
91.1%
the
91.1%
the
91.1%
love,
84%
love,
84%
love.
84%
love
84%
love,
84%
love.
84%
love.
84%
love
84%
to
77.7%
to
77.7%
to
77.7%
To
77.7%
to
77.7%
me.
77.5%
me,
77.5%
me.
77.5%
me.
77.5%
me.
77.5%
And
74.4%
and
74.4%
And
74.4%
and
74.4%
be
67.4%
your
67.1%
your
67.1%
your
67.1%
your
67.1%
your
67%
your
67.1%
% Correct
your
67%
your
67%
for
63.7%
for
63.7%
for
63.7%
for
63.7%
for
63.7%
can
62.1%
can
62.1%
do
61.9%
do
61.9%
my
61.6%
my
61.6%
my
61.6%
my
61.6%
Are
58.7%
Are
58.7%
so
58.1%
so
58.1%
so
58.1%
so
58.1%
need
57.3%
need
57.3%
need
57.3%
need
57.3%
of
50.9%
Oh,
46.6%
Oh,
46.6%
time.
44.3%
time
44.3%
time
44.3%
time.
44.3%
time
44.3%
time
44.3%
darling,
38.8%
darling,
38.8%
by
38.7%
by,
38.7%
much.
34.9%
much.
34.9%
touch
34.5%
% Correct
touch
34.5%
mine?
34.4%
mine?
34.4%
goes
31.8%
goes
31.8%
long
31.3%
long
31.3%
still
29.2%
still
29.2%
lonely
27.9%
Lonely
27.9%
Lonely
27.9%
lonely
27.9%
I've
27.7%
I've
27.7%
slowly
27.6%
slowly
27.6%
I'll
26.2%
wait
25.2%
wait
25.2%
wait
25.2%
sea,
25%
sea.
25%
sea.
25%
God
23%
God
23%
hungered
22.4%
hungered,
22.4%
hungered
22.4%
speed
21%
speed
21%
flow,
19.7%
rivers
19.6%
rivers
19.6%
open
18.3%
arms
18.1%
home,
17.6%
coming
16.5%
sigh,
11%

You're not logged in!

Compare scores with friends on all Sporcle quizzes.
Join for Free
OR
Log In

You Might Also Like...

Show Comments

Extras

Top Quizzes Today


Score Distribution

Your Account Isn't Verified!

In order to create a playlist on Sporcle, you need to verify the email address you used during registration. Go to your Sporcle Settings to finish the process.

Report this User

Report this user for behavior that violates our Community Guidelines.

Details: